<?xml version="1.0" encoding="UTF-8"?><?xml-stylesheet type="text/xsl" href="static/style.xsl"?><OAI-PMH xmlns="http://www.openarchives.org/OAI/2.0/" xmlns:xsi="http://www.w3.org/2001/XMLSchema-instance" xsi:schemaLocation="http://www.openarchives.org/OAI/2.0/ http://www.openarchives.org/OAI/2.0/OAI-PMH.xsd"><responseDate>2026-04-17T18:43:58Z</responseDate><request verb="GetRecord" identifier="oai:www.recercat.cat:2445/118689" metadataPrefix="marc">https://recercat.cat/oai/request</request><GetRecord><record><header><identifier>oai:recercat.cat:2445/118689</identifier><datestamp>2025-12-05T21:23:55Z</datestamp><setSpec>com_2072_1057</setSpec><setSpec>col_2072_478797</setSpec><setSpec>col_2072_478917</setSpec></header><metadata><record xmlns="http://www.loc.gov/MARC21/slim" xmlns:dcterms="http://purl.org/dc/terms/" xmlns:xsi="http://www.w3.org/2001/XMLSchema-instance" xmlns:doc="http://www.lyncode.com/xoai" xsi:schemaLocation="http://www.loc.gov/MARC21/slim http://www.loc.gov/standards/marcxml/schema/MARC21slim.xsd">
   <leader>00925njm 22002777a 4500</leader>
   <datafield ind2=" " ind1=" " tag="042">
      <subfield code="a">dc</subfield>
   </datafield>
   <datafield ind2=" " ind1=" " tag="720">
      <subfield code="a">Pérez-Moneo, Miguel</subfield>
      <subfield code="e">author</subfield>
   </datafield>
   <datafield ind2=" " ind1=" " tag="260">
      <subfield code="c">2017-12-13T09:18:30Z</subfield>
   </datafield>
   <datafield ind2=" " ind1=" " tag="260">
      <subfield code="c">2017-12-13T09:18:30Z</subfield>
   </datafield>
   <datafield ind2=" " ind1=" " tag="260">
      <subfield code="c">2017</subfield>
   </datafield>
   <datafield ind2=" " ind1=" " tag="260">
      <subfield code="c">2017-12-13T09:18:30Z</subfield>
   </datafield>
   <datafield ind2=" " ind1=" " tag="520">
      <subfield code="a">[spa] ¿Podemos adaptar nuestra docencia a aquellas personas que tienen unas necesidades educativas especiales? Una vez identificadas las necesidades especiales que tiene un estudiante, derivadas de deficiencias físicas, mentales, intelectuales o sensoriales, e incluso de definir unas recomendaciones de adaptación, queda llevar a cabo dichas soluciones en el aula. La reflexión del docente sobre la metodología y sistema de evaluación de la asignatura que imparte facilita esta tarea. En este caso, al hilo de una reflexión conjunta sobre la asignatura de Trabajo de Fin de Grado, comentaremos las adaptaciones que se han realizado para superar las dificultades académicas derivadas de las mencionadas deficiencias.</subfield>
   </datafield>
   <datafield ind2=" " ind1=" " tag="520">
      <subfield code="a">[eng] Can we adapt our teaching to those who have special educational needs? Should we? Those educational needs may be due to physical, mental, intellectual or sensory impairments.Once we have identified special needs that a student has, and even after defining adaptation recommendations, it remains to implement such recommendations in the classroom. The consideration of the teacher on the methodology and the evaluation system of the subject that she gives facilitates this task. In this paper, in connection with the end of degree project we will comment on the adaptations that have been made to overcome the academic difficulties linked to those deficiencies.</subfield>
   </datafield>
   <datafield tag="653" ind2=" " ind1=" ">
      <subfield code="a">Escrits acadèmics</subfield>
   </datafield>
   <datafield tag="653" ind2=" " ind1=" ">
      <subfield code="a">Tutoria (Ensenyament)</subfield>
   </datafield>
   <datafield tag="653" ind2=" " ind1=" ">
      <subfield code="a">Assignatures</subfield>
   </datafield>
   <datafield tag="653" ind2=" " ind1=" ">
      <subfield code="a">Educació superior</subfield>
   </datafield>
   <datafield tag="653" ind2=" " ind1=" ">
      <subfield code="a">Academic writing</subfield>
   </datafield>
   <datafield tag="653" ind2=" " ind1=" ">
      <subfield code="a">Tutoring (Teaching)</subfield>
   </datafield>
   <datafield tag="653" ind2=" " ind1=" ">
      <subfield code="a">Subjects</subfield>
   </datafield>
   <datafield tag="653" ind2=" " ind1=" ">
      <subfield code="a">Higher education</subfield>
   </datafield>
   <datafield ind2="0" ind1="0" tag="245">
      <subfield code="a">Incorporación de las necesidades especiales en la tutoría de una asignatura: los trabajos de fin de Grado</subfield>
   </datafield>
</record></metadata></record></GetRecord></OAI-PMH>